<?xml version="1.0" encoding="UTF-8"?>
<record
    xmlns:xsi="http://www.w3.org/2001/XMLSchema-instance"
    xsi:schemaLocation="http://www.loc.gov/MARC21/slim http://www.loc.gov/standards/marcxml/schema/MARC21slim.xsd"
    xmlns="http://www.loc.gov/MARC21/slim">

  <leader>00494    a2200169   4500</leader>
  <controlfield tag="001">139790</controlfield>
  <datafield tag="040" ind1=" " ind2=" ">
    <subfield code="c">Leonardo Da Vinci</subfield>
  </datafield>
  <datafield tag="041" ind1=" " ind2=" ">
    <subfield code="a">Portugu&#xEA;s</subfield>
  </datafield>
  <datafield tag="082" ind1=" " ind2=" ">
    <subfield code="a">398 D16f</subfield>
    <subfield code="b">D16f</subfield>
  </datafield>
  <datafield tag="100" ind1=" " ind2=" ">
    <subfield code="a">DAMANTE, H&#xE9;lio</subfield>
  </datafield>
  <datafield tag="245" ind1=" " ind2=" ">
    <subfield code="a">Folclore brasileiro</subfield>
    <subfield code="b">S&#xE3;o Paulo</subfield>
  </datafield>
  <datafield tag="260" ind1=" " ind2=" ">
    <subfield code="b">Funarte</subfield>
    <subfield code="c">1980</subfield>
    <subfield code="a">Rio de Janeiro</subfield>
  </datafield>
  <datafield tag="300" ind1=" " ind2=" ">
    <subfield code="a">65</subfield>
  </datafield>
  <datafield tag="362" ind1=" " ind2=" ">
    <subfield code="a">19800000</subfield>
  </datafield>
  <datafield tag="697" ind1=" " ind2=" ">
    <subfield code="a">Folclore</subfield>
    <subfield code="a">Arte popular</subfield>
    <subfield code="a">Mitos</subfield>
    <subfield code="a">Lendas</subfield>
    <subfield code="a">S&#xE3;o Paulo</subfield>
    <subfield code="a">Regi&#xE3;o Sudeste</subfield>
    <subfield code="a">Brasil</subfield>
    <subfield code="a">Culin&#xE1;ria</subfield>
    <subfield code="a">Dan&#xE7;as</subfield>
    <subfield code="a">Arte</subfield>
    <subfield code="a">Artesanato</subfield>
    <subfield code="a">Festa</subfield>
  </datafield>
  <datafield tag="942" ind1=" " ind2=" ">
    <subfield code="c">BK</subfield>
  </datafield>
  <datafield tag="952" ind1=" " ind2=" ">
    <subfield code="0">0</subfield>
    <subfield code="1">0</subfield>
    <subfield code="4">0</subfield>
    <subfield code="7">0</subfield>
    <subfield code="a">71.1</subfield>
    <subfield code="b">71.1</subfield>
    <subfield code="d">2024-03-27</subfield>
    <subfield code="l">0</subfield>
    <subfield code="o">398 D16f</subfield>
    <subfield code="p">O005345</subfield>
    <subfield code="r">2024-03-27 22:44:43</subfield>
    <subfield code="w">2024-03-27</subfield>
    <subfield code="y">BK</subfield>
  </datafield>
  <datafield tag="999" ind1=" " ind2=" ">
    <subfield code="c">139790</subfield>
    <subfield code="d">139790</subfield>
  </datafield>
</record>
